Because India comes first: reflection on nationalism, identity and culture / (Record no. 181876)
[ view plain ]
| 000 -LEADER | |
|---|---|
| fixed length control field | 00562nam a22001577a 4500 |
| 005 - DATE AND TIME OF LATEST TRANSACTION | |
| control field | 20211007152206.0 |
| 010 ## - LCCN (DPL NO) | |
| LC control number | EN230921 |
| 020 ## - INTERNATIONAL STANDARD BOOK NUMBER | |
| International Standard Book Number | 9789389648768 |
| Terms of availability | 599.00 |
| 037 ## - SOURCE OF ACQUISITION | |
| Source of stock number/acquisition | Westland Publications |
| 100 ## - MAIN ENTRY--PERSONAL NAME | |
| Personal name | Ram Madhav |
| 245 ## - TITLE STATEMENT | |
| Title | Because India comes first: reflection on nationalism, identity and culture / |
| Statement of responsibility, etc | by Ram Madhav |
| 260 ## - PUBLICATION, DISTRIBUTION, ETC. (IMPRINT) | |
| Place of publication, distribution, etc | Chennai |
| Name of publisher, distributor, etc | Westland Publications |
| Date of publication, distribution, etc | 2020 |
| 270 ## - ADDRESS | |
| City | Chennai |
| Address | 1st Floor,A Block,East Wing,Plot No.40,SP Infocity,Dr MGR Salai,Perungudi,Kandanchavadi, |
| Postal code | 600096 |
| 300 ## - PHYSICAL DESCRIPTION | |
| Extent | xii,285p. |
| Dimensions | 23cm(Hb) |
| 942 ## - ADDED ENTRY ELEMENTS (KOHA) | |
| Source of classification or shelving scheme | Dewey Decimal Classification |
| Item type | English Books |
| Call number suffix | RAM |
No items available.
